| 000 | 01814nam a2200445 a 4500 | ||
|---|---|---|---|
| 001 | ocm56559541 | ||
| 003 | OCoLC | ||
| 005 | 20200320180902.0 | ||
| 008 | 040920s2005 nyua j 000 1 eng | ||
| 010 | _a 2004022103 | ||
| 020 | _a0060004509 | ||
| 020 | _a0060004517 (lib. bdg.) | ||
| 020 | _c15.99 | ||
| 040 |
_aDLC _cDLC _dIG# _dBAKER _dVP@ _dWACOL |
||
| 042 | _alcac | ||
| 043 | _an-usn-- | ||
| 049 | _aWACL | ||
| 050 | 0 | 0 |
_aPZ7.A335 _bOm 2005 |
| 082 | 0 | 0 |
_a[E] _222 |
| 092 |
_aE _bAlc |
||
| 100 | 1 |
_aAlcott, Louisa May, _d1832-1888. _95830836 |
|
| 245 | 1 | 3 |
_aAn Old-fashioned Thanksgiving / _cLouisa May Alcott ; illustrated by James Bernardin. |
| 250 | _a1st ed. | ||
| 260 |
_aNew York : _bHarperCollinsPublishers, _cc2005. |
||
| 300 |
_a1 v. (unpaged) : _bcol. ill. ; _c29 cm. |
||
| 521 | 1 | _aAges 4-8. | |
| 500 | _a"Recipe for Louisa May Alcott's Apple Slump on page [32] printed by permission of Orchard House, Concord, Massachusetts, www.louisamayalcott.org." | ||
| 520 | _aThis adaptation of the original story follows the activities of seven in children nineteenth-century New England as they prepare for the Thanksgiving holiday while Mother is away caring for Grandmother. | ||
| 650 | 1 |
_aFamily life _vFiction. _95674038 |
|
| 650 | 1 |
_aThanksgiving Day _vFiction. _95693307 |
|
| 651 | 1 |
_aNew England _vFiction. _95708215 |
|
| 700 | 1 |
_aBernardin, James, _eill. _936820 |
|
| 938 |
_aIngram _bINGR _n0060004509 |
||
| 938 |
_aBaker & Taylor _bBKTY _c15.99 _d11.99 _i0060004509 _n0006118382 _sactive |
||
| 938 |
_aBaker & Taylor _bBKTY _c16.89 _d16.89 _i0060004517 _n0006118383 _sactive |
||
| 942 |
_cBOOK _062 |
||
| 948 |
_a11/18/2005 _b10/25/2006 _zSirsi |
||
| 994 |
_a02 _bWACOL |
||
| 996 |
_a44447 _b34301000494114 _ce _dbk _ewcl _fi _g62 _h15.99 _lAmazon.com _mAlc _p11/18/2005 _q12/30/2019 _r12/09/2019 |
||
| 999 |
_c261766 _d261766 |
||